000 00825cam a2200193 4500
001 L129957
008 050609n2005 000 0 eng u
035 _a(Sirsi) u129957
041 _aeng
050 _a658.404
_c18
110 _aOffice of Government Commerce
_93987
245 _aOGC successful delivery toolkit
260 _aLondon
_bOGC
_c2005
520 _aThe toolkit summarises government guidance on project management and procurement in the public sector. There is a change log that lists recent updates to the site and a summary of all the guidance available
590 _aIKA210605
690 _aProject management
_96261
856 _uhttps://webarchive.nationalarchives.gov.uk/20100503135839/ogc.gov.uk/resource_toolkit.asp
_zView the toolkit free of charge at www.nationalarchives.gov.uk...
942 _n0
999 _c104314
_d104314